000 00733nam a2200205Ii 4500
003 JO-AjNU
008 230605s9999||||xx |||||||||||||| ||und||
017 _a76/5370
040 _aJO-AjNU
_bara
_erda
_cJO-AjNU
041 _aara
050 1 4 _aBP144.2.C56.A8722 1900
100 3 _aالعطار،عبد الناصر توفيق,
_eauthor
_99654
245 0 0 _aأحكام العقود في الشريعة الإسلامية والقانون المدني: عقد البيع
264 3 1 _aد.م: د.ن، د.ت
300 _a195ص
336 _atext
_btxt
_2rdacontent
337 _aunmediated
_bn
_2rdamedia
338 _avolume
_bnc
_2rdacarrier
650 4 _aعقود البيع- قوانين وتشريعات- فقه اسلامي
_99655
999 _aA1411
_c4979
_d4979